Normal view
MARC view
- Gompert, David C
Entry Personal Name
001 - CONTROL NUMBER
- control field: 91255
003 - CONTROL NUMBER IDENTIFIER
- control field: NUST
005 - DATE AND TIME OF LATEST TRANSACTION
- control field: 20220428094522.0
008 - FIXED-LENGTH DATA ELEMENTS
- fixed length control field: 220428|| aca||aabn | a|a d
040 ## - CATALOGING SOURCE
- Original cataloging agency: NUST
- Transcribing agency: NUST
100 ## - HEADING--PERSONAL NAME
- Personal name: Gompert, David C
670 ## - SOURCE DATA FOUND
- Source citation: Work cat.: (NUST): Gompert, David C., Battle-wise : , 2014
